<?xml version="1.0" encoding="UTF-8"?>
<record
    xmlns:xsi="http://www.w3.org/2001/XMLSchema-instance"
    xsi:schemaLocation="http://www.loc.gov/MARC21/slim http://www.loc.gov/standards/marcxml/schema/MARC21slim.xsd"
    xmlns="http://www.loc.gov/MARC21/slim">

  <leader>04098nam a22004937a 4500</leader>
  <controlfield tag="001">BRCA_9225</controlfield>
  <controlfield tag="003">FranzMayer</controlfield>
  <controlfield tag="005">20220921133820.0</controlfield>
  <controlfield tag="008">220909b        |||||||| |||| 00| 0 eng d</controlfield>
  <datafield tag="020" ind1=" " ind2=" ">
    <subfield code="a">9788417633455</subfield>
  </datafield>
  <datafield tag="040" ind1=" " ind2=" ">
    <subfield code="b">spa</subfield>
    <subfield code="c">MFM</subfield>
  </datafield>
  <datafield tag="041" ind1=" " ind2=" ">
    <subfield code="a">spa</subfield>
  </datafield>
  <datafield tag="050" ind1=" " ind2=" ">
    <subfield code="a">NX650.W37</subfield>
    <subfield code="b">J37 2018 v.6</subfield>
  </datafield>
  <datafield tag="245" ind1=" " ind2=" ">
    <subfield code="a">Jap&#xF3;n y el agua : </subfield>
    <subfield code="b">estudios de patrimonio y humanidades</subfield>
  </datafield>
  <datafield tag="260" ind1=" " ind2=" ">
    <subfield code="a">Zaragoza, Espa&#xF1;a : </subfield>
    <subfield code="b">Prensas de la Universidad de Zaragoza, </subfield>
    <subfield code="c">2018</subfield>
  </datafield>
  <datafield tag="300" ind1=" " ind2=" ">
    <subfield code="a">302 p. : </subfield>
    <subfield code="b">il. fot. tablas ; </subfield>
    <subfield code="c">16.5 x 21.5 cm.</subfield>
  </datafield>
  <datafield tag="490" ind1=" " ind2=" ">
    <subfield code="a">Colecci&#xF3;n Federico Torralba de Estudios de Asia Oriental</subfield>
    <subfield code="v">6</subfield>
  </datafield>
  <datafield tag="500" ind1=" " ind2=" ">
    <subfield code="a">Ubicaci&#xF3;n: L60-N1</subfield>
  </datafield>
  <datafield tag="500" ind1=" " ind2=" ">
    <subfield code="a">&#xCD;ndice: pp. 301-302</subfield>
  </datafield>
  <datafield tag="504" ind1=" " ind2=" ">
    <subfield code="a">Bibliograf&#xED;a: pp. 298-300</subfield>
  </datafield>
  <datafield tag="505" ind1=" " ind2=" ">
    <subfield code="t">Introducci&#xF3;n / </subfield>
    <subfield code="r">David Almaz&#xE1;n Tom&#xE1;s</subfield>
  </datafield>
  <datafield tag="505" ind1=" " ind2=" ">
    <subfield code="t">&#xBF;C&#xF3;mo suena el agua en las obras de la literatura japonesa? Estudio comparativo de la traducci&#xF3;n literaria /  </subfield>
    <subfield code="r">Mizuho Narita</subfield>
  </datafield>
  <datafield tag="505" ind1=" " ind2=" ">
    <subfield code="t">Un paseo sobre el agua: Nigorie (Aguas turbulentas), de Ichiyo Higuchi, y su recepci&#xF3;n en el c&#xED;rculo literario ingl&#xE9;s. Londres, 1896 / </subfield>
    <subfield code="r">Pilar Garc&#xE9;s Garc&#xED;a</subfield>
  </datafield>
  <datafield tag="505" ind1=" " ind2=" ">
    <subfield code="t">Arquetipo femenino, punto de vista masculino: el agua en Komachi hens&#x14D; (El disfraz de Komachi), de Enchi Fumiko / </subfield>
    <subfield code="r">Irene Starace</subfield>
  </datafield>
  <datafield tag="505" ind1=" " ind2=" ">
    <subfield code="t">Construcci&#xF3;n del sujeto femenino a trav&#xE9;s del ritual del aseo u ofuro en Yoko Tawada, El ba&#xF1;o / </subfield>
    <subfield code="r">Jes&#xFA;s P&#xE9;rez-Garc&#xED;a</subfield>
  </datafield>
  <datafield tag="505" ind1=" " ind2=" ">
    <subfield code="t">El agua como medio para expresar las transformaciones de identidad. Un an&#xE1;lisis interdisciplinar de El ba&#xF1;o, de Yoko Tawada / </subfield>
    <subfield code="r">Nuria Ruiz Morillas</subfield>
  </datafield>
  <datafield tag="505" ind1=" " ind2=" ">
    <subfield code="t">Los paisajes del agua de Jap&#xF3;n. Dos visiones en los relatos de viajeros hispanos en la era Meiji (1868-1912) / </subfield>
    <subfield code="r">Elena Barl&#xE9;s B&#xE1;guena</subfield>
  </datafield>
  <datafield tag="505" ind1=" " ind2=" ">
    <subfield code="t">Templos del agua: Musashi. La leyenda del samur&#xE1;i, de Eiji Yoshikawa. Fuentes del agua en Les Samoura&#xEF;s de Julia Kristeva / </subfield>
    <subfield code="r">Lourdes Terr&#xF3;n Barbosa</subfield>
  </datafield>
  <datafield tag="505" ind1=" " ind2=" ">
    <subfield code="t">Cuatro mares traicionados: El marino que perdi&#xF3; la gracia del mar, de Yukio Mishima, en versiones musicales de Hans Werner Henze / </subfield>
    <subfield code="r">Juan Urd&#xE1;niz Escolano</subfield>
  </datafield>
  <datafield tag="505" ind1=" " ind2=" ">
    <subfield code="t">Hokusai y sus Mil vistas del mar: la serie Chie no umi (1833) / </subfield>
    <subfield code="r">David Almaz&#xE1;n Tom&#xE1;s</subfield>
  </datafield>
  <datafield tag="505" ind1=" " ind2=" ">
    <subfield code="t">El agua en la cer&#xE1;mica Satsuma / </subfield>
    <subfield code="r">David Lacasta Sevillano</subfield>
  </datafield>
  <datafield tag="505" ind1=" " ind2=" ">
    <subfield code="t">Lagos, jardines, cascadas y mares. Espacios acu&#xE1;ticos representados en la fotograf&#xED;a Meiji a trav&#xE9;s de las colecciones espa&#xF1;olas / </subfield>
    <subfield code="r">Carolina Plou</subfield>
  </datafield>
  <datafield tag="505" ind1=" " ind2=" ">
    <subfield code="t">La presencia del agua en el arte contempor&#xE1;neo japon&#xE9;s: la obra del artista Ikeya Tomohide / </subfield>
    <subfield code="r">Alejandra Rodr&#xED;guez Cunchillos</subfield>
  </datafield>
  <datafield tag="505" ind1=" " ind2=" ">
    <subfield code="t">Por sendas del agua. Pr&#xE1;cticas art&#xED;sticas contempor&#xE1;neas en flujo / </subfield>
    <subfield code="r">Iratxe Hern&#xE1;ndez Simal</subfield>
  </datafield>
  <datafield tag="505" ind1=" " ind2=" ">
    <subfield code="t">El agua en el anime japon&#xE9;s: simbolismo y significados / </subfield>
    <subfield code="r">Claudia Bonillo Fern&#xE1;ndez</subfield>
  </datafield>
  <datafield tag="505" ind1=" " ind2=" ">
    <subfield code="t">Mizu no sekai. El agua en el cine de Hayao Miyasaki / </subfield>
    <subfield code="r">Ra&#xFA;l Fortes Guerrero</subfield>
  </datafield>
  <datafield tag="520" ind1=" " ind2=" ">
    <subfield code="a">"Jap&#xF3;n y el agua: estudios de patrimonio y humanidades" es un conjunto de recientes investigaciones interdisciplinarias sobre el protagonismo del agua en la cultura, las artes y las letras de Jap&#xF3;n. Una primera parte del libro, dedicada al &#xE1;mbito literario y la traducci&#xF3;n, presenta estudios que se centran en destacadas escritoras japonesas como Ichiy&#x14D; Higuchi, Fumiko Enchi Y Y&#x14D;ko Tawada, complementados con el comentario de algunas obras de escritores occidentales inspirados en Jap&#xF3;n, como Enrique G&#xF3;mez Carrillo y Julia Kristeva, tambi&#xE9;n del m&#xFA;sico Hans Werner Henze. En el &#xE1;mbito del arte, se abordan tem&#xE1;ticas tan variadas como el grabado, la cer&#xE1;mica, la fotograf&#xED;a, la pintura o el cine de animaci&#xF3;n, con artistas que han destacado por un potente tratamiento simb&#xF3;lico y visual del agua, como Katsushika Hokusai, Ikeya Tomohide, Fujiko Nakaya, Shinichi Maruyama, Hiroshi Sugimoto, Tomoko Sauvage, Chiharu Shiota y Hayao Miyazaki. - Proporcionado por el editor.</subfield>
  </datafield>
  <datafield tag="650" ind1=" " ind2=" ">
    <subfield code="a">Agua</subfield>
    <subfield code="x">Folklore</subfield>
    <subfield code="z">Jap&#xF3;n</subfield>
    <subfield code="9">28540</subfield>
  </datafield>
  <datafield tag="650" ind1=" " ind2=" ">
    <subfield code="a">Arte</subfield>
    <subfield code="z">Jap&#xF3;n</subfield>
    <subfield code="9">1166</subfield>
  </datafield>
  <datafield tag="650" ind1=" " ind2=" ">
    <subfield code="a">Literatura </subfield>
    <subfield code="z">Jap&#xF3;n</subfield>
    <subfield code="9">28541</subfield>
  </datafield>
  <datafield tag="700" ind1=" " ind2=" ">
    <subfield code="a">Almaz&#xE1;n, David</subfield>
    <subfield code="e">coord.</subfield>
    <subfield code="9">28542</subfield>
  </datafield>
  <datafield tag="942" ind1=" " ind2=" ">
    <subfield code="2">lcc</subfield>
    <subfield code="c">B</subfield>
  </datafield>
  <datafield tag="999" ind1=" " ind2=" ">
    <subfield code="c">10844</subfield>
    <subfield code="d">10844</subfield>
  </datafield>
  <datafield tag="952" ind1=" " ind2=" ">
    <subfield code="0">0</subfield>
    <subfield code="1">0</subfield>
    <subfield code="2">lcc</subfield>
    <subfield code="4">0</subfield>
    <subfield code="7">0</subfield>
    <subfield code="a">BRCA</subfield>
    <subfield code="b">BRCA</subfield>
    <subfield code="d">2022-09-12</subfield>
    <subfield code="l">0</subfield>
    <subfield code="o">NX650.W37 J37 2018 v.6</subfield>
    <subfield code="p">CONT10013</subfield>
    <subfield code="r">2022-09-12 00:00:00</subfield>
    <subfield code="w">2022-09-12</subfield>
    <subfield code="y">B</subfield>
  </datafield>
</record>
